Derecho y filosofía /
I tiakina i:
| Ētahi atu kaituhi: | |
|---|---|
| Hōputu: | Pukapuka |
| Reo: | Pāniora |
| I whakaputaina: |
México :
Fontamara,
1999, c1985
|
| Rangatū: | (Biblioteca de Etica, Filosofía del Derecho y Política ;
18) |
| Ngā marau: | |
| Ngā Tūtohu: |
Kāore He Tūtohu, Me noho koe te mea tuatahi ki te tūtohu i tēnei pūkete!
|
MARC
| LEADER | 00000nam^a2200000^a^4500 | ||
|---|---|---|---|
| 001 | 000174453 | ||
| 005 | 20250521000000.0 | ||
| 009 | 20260310101529.726 | ||
| 020 | |a 968-476-062-0 | ||
| 037 | |a Acervo ITESO - Biblioteca | ||
| 041 | |a ESP | ||
| 082 | |a 340. 1 |b BIB V. 18 | ||
| 240 | 1 | 1 | |a [Biblioteca de ética, filosofía del derecho y política] |
| 245 | 1 | 0 | |a Derecho y filosofía / |c Comp. de E. Garzón Valdés ; dir. de la serie de E. Garzón Valdés, R. Vázquez ; tr. por Carlos de Santiago. |
| 264 | 4 | |a México : |b Fontamara, |c 1999, c1985 | |
| 336 | |a texto |b txt |2 rdacontenido | ||
| 337 | |a sin mediación |b n |2 rdamedio | ||
| 338 | |a volumen |b nc |2 rdasoporte | ||
| 440 | 1 | |a (Biblioteca de Etica, Filosofía del Derecho y Política ; |v 18) | |
| 649 | |a XX | ||
| 650 | |a Argumentación | ||
| 650 | |a Etica Jurídica | ||
| 650 | |a Derecho - |x Filosofía | ||
| 650 | |a Derecho - |x Teoría | ||
| 700 | |a Garzón Valdés, Ernesto |e (compilación) | ||
| 910 | |a Fondo General | ||
| 920 | |a Impresos - Libros | ||
| 930 | |a Colección General | ||
| 905 | |a 101 | ||
| 901 | |a 0500112277 |b IT1 |c ACC |u 20250521 | ||
| 902 | |a https://opac.biblio.iteso.mx/vufind/Record/000174453 | ||